Monument : Stonehenge - Statistiques

Statistiques générales
  • Ce quiz a été pris 16 fois
  • Le résultat moyen est 7 sur 20
Statistiques - réponses
Question Réponse % Correct
L'ensemble de Stonehenge représente un cercle
86%
Stonehenge se situe au Royaume-Uni
71%
En 1978, on a découvert un squelette d'homme
71%
Le site de Stonehenge reçoit chaque année environ 1.5 million de visiteurs
57%
Quel roi se fait conduire sur place et ordonne de dessiner une vue du site ? Charles 1er
57%
Dans une deuxième période, on a construit à Stonehenge une "avenue", peut-être une voie processionnelle mesurant 23 m sur 3000 m
43%
Les pierres bleues du site viennent du Pays-de-Galles
43%
Les groupes bien connus formés de deux grès dressés chapeautés par un troisième sont des trilithes
43%
Stonehenge a été construit entre 3000 et 1100 avant JC
29%
Les pierres bleues ont été remplacées par des monolithes de grès venant pour la plupart de carrières situées à... 40 km
29%
La science a permis d'établir que le squelette était celui d'un individu ayant grandi... dans les Alpes
29%
Dans 56 trous circulaires profonds on a trouvé diverses choses mais pas... d'outils
29%
On a trouvé sur le site des objets bien postérieurs à son édification mais pas... le corps d'un homme du XVIe siècle
29%
La plupart des corps retrouvés sur le site... Trouvez l'intrus sont morts de mort violente
29%
La première chose construite sur le site de Stonehenge serait une enceinte constituée d'une levée de terre
29%
Ce qu'on appelle la pierre d'autel, un grès vert de 6 tonnes mesurant 4.20 m par 1 m par 0.50 m vient selon les dernières études d'une carrière se trouvant à (...) km de Stonehenge 800 km
14%
Stonehenge a été classé au patrimoine de l'UNESCO en 2008 mais pourrait être déclassé si est poursuivi un projet de construction de tunnel
14%
L'événement astronomique le plus important pour les concepteurs de Stonehenge était le solstice d'hiver
14%
La première trace écrite de Stonehenge serait le fait du grec Diodore de Sicile qui a vécu au 1er siècle avant J.C.
0%
On peut voir une réplique de Stonehenge dans trois de ces lieux, quel est l'intrus ? Greenwood au Canada
0%
Aucun quiz correspondant
Distribution des résultats
% des personnes avec chaque résultat
Percentile par nombre de réponses
Votre historique - résultats
Vous n’avez pas pris ce quiz